Tim Burton/Johnny Depp Collaborations - Statistics

General Stats
  • This quiz has been taken 31 times
  • The average score is 6 of 8
Answer Stats
Year Movie % Correct
1990 Edward Scissorhands
89%
2010 Alice in Wonderland
86%
2007 Sweeney Todd: The Demon Barber of Fleet Street
79%
2005 Charlie and the Chocolate Factory
71%
2005 Corpse Bride
64%
2012 Dark Shadows
61%
1999 Sleepy Hollow
61%
1994 Ed Wood
57%
No matching quizzes found
Score Distribution
Percent of People with Each Score
Percentile by Number Answered
Your Score History
You have not taken this quiz